Personnes célèbres du Grand Est par images - Statistiques

Statistiques générales
  • Ce quiz a été pris 7 701 fois
    7 638 depuis la dernière actualisation
  • Le résultat moyen est 8 sur 16
Statistiques - réponses
Par images Réponse % Correct
Jeanne d'Arc
87%
Yannick Noah
81%
Karine Le Marchand
74%
Michel Platini
70%
Arthur Rimbaud
66%
Geneviève de Fontenay
65%
Isabelle Nanty
62%
Laura Felpin
59%
Jack Lang
50%
Georges Danton
41%
Yaël Braun-Pivet
38%
Patricia Kaas
34%
Denis Diderot
32%
Cabu
29%
Louise Michel
23%
Paul Verlaine
17%
Aucun quiz correspondant
Distribution des résultats
% des personnes avec chaque résultat
Percentile par nombre de réponses
Votre historique - résultats
Vous n’avez pas pris ce quiz depuis la dernière actualisation